Country Flag to Continent Quiz #2 - Statistics

General Stats
  • This quiz has been taken 137 times
  • The average score is 18 of 20
Answer Stats
Picture Answer % Correct
Asia
100%
Europe
100%
Europe
99%
Africa
95%
Africa
94%
Asia
93%
Asia
93%
Asia
93%
Asia
92%
Africa
89%
Asia
89%
Europe
89%
Africa
88%
Europe
88%
North America
88%
Africa
87%
Asia
87%
North America
83%
Oceania
83%
South America
83%
No matching quizzes found
Score Distribution
Percent of People with Each Score
Percentile by Number Answered
Your Score History
You have not taken this quiz